Normal view
MARC view
Entry Topical Term
001 - CONTROL NUMBER
- control field: 46059
003 - CONTROL NUMBER IDENTIFIER
- control field: OSt
005 - DATE AND TIME OF LATEST TRANSACTION
- control field: 20240612150124.0
008 - FIXED-LENGTH DATA ELEMENTS
- fixed length control field: 240612|| aca||aabn | a|a d
040 ## - CATALOGING SOURCE
- Original cataloging agency: OSt
- Transcribing agency: OSt
150 ## - HEADING--TOPICAL TERM
- Topical term or geographic name entry element: Transformative constitutionalism, Judiciary
670 ## - SOURCE DATA FOUND
- Source citation: Work cat.: (OSt)524427: Ambedkar, Bhimrao Ramji 46058, Transformative constitutionalism in India: The role of judiciary
